• 首页
  • 本馆介绍
  • 公告通知
  • 最新文献
  • 馆藏检索
  • 电子资源
  • 读者导购
  • 参考咨询
  • 我的图书馆
  • 登录
  • 详细信息显示
  • 放入我的书架
  • 预约/预借图书
  • 作者相关作品
  • 分类相关作品
  • 丛书相关作品
  • 出版社相关作品

书目信息

  • 表格格式
  • 工作单格式
  • 卡片格式
题名:
毛泽东同志论党的作风和党的组织
    
 
作者: 毛泽东 著 ;中共中央整党工作指导委员会 编
分册:  
出版信息: 北京   人民出版社  1983
页数: 140页
开本: 19cm
丛书名:
单 册:
中图分类: A462
科图分类:
主题词: 毛泽东著作-党的组织 , 党的组织-毛泽东著作 , 毛泽东著作-党的作风 , 党的作风-毛泽东著作
电子资源:
ISBN:
000 00941nam0 2200301 45
001 0183005848
005 20070930152531.14
010    @dCNY0.35
091    @a3001.1944
100    @a19950605d1983 emky0chiy0121 ea
101 0  @achi
102    @aCN@b110000
105    @ay z 000yy
200 10 @a毛泽东同志论党的作风和党的组织@Amao ze dong tong zhi lun dang de zuo feng he dang de zu zhi@f毛泽东著@g中共中央整党工作指导委员会编
210    @a北京@c人民出版社@d1983
215    @a140页@d19cm
300    @a内部发行
300    @a整党学习文件
606    @a毛泽东著作-党的组织
606    @a党的组织-毛泽东著作
606    @a毛泽东著作-党的作风
606    @a党的作风-毛泽东著作
690    @aA462@v3
701  0 @a毛泽东@Amao ze dong@4著
712 02 @a中共中央整党工作指导委员会@Azhong gong zhong yang zheng dang gong zuo zhi dao wei yuan hui@4编
801  2 @aCN@bNLC@c20070930
801  0 @aCN@bTSSF@c20070923
905    @dA462@e22
    
    毛泽东同志论党的作风和党的组织/毛泽东著/中共中央整党工作指导委员会编.-北京:人民出版社,1983
    140页;19cm
    内部发行.-整党学习文件
    
    ISBN :CNY0.35
    
●
相关链接 在E读中查询图书 在五车中查询图书 在当当中查询图书 在豆瓣中查询图书


正题名:毛泽东同志论党的作风和党的组织     索取号:A462/22         预约/预借

序号 登录号 条形码 馆藏地/架位号 状态 备注
1 0426730   204267300   密集书库/ [索取号:A462/22] 在馆    
2 0439879   204398794   密集书库/ [索取号:A462/22] 在馆    
3 0448826   204488269   密集书库/ [索取号:A462/22] 在馆    
4 0471672   204716726   密集书库/ [索取号:A462/22] 在馆    
5 0624549   206245491   密集书库/ [索取号:A462/22] 在馆    
6 0624631   206246310   密集书库/ [索取号:A462/22] 在馆    
7 0765065   207650656   密集书库/ [索取号:A462/22] 在馆    
8 609929   206099292   密集书库/ [索取号:A462/22] 在馆    
唐山师范学院图书馆 欢迎您!
大连网信软件有限公司© 版权所有